| 000 | 00562nam a2200217 a 4500 | ||
|---|---|---|---|
| 999 |
_c9429 _d9429 |
||
| 001 | 9429 | ||
| 003 | BD-JhCC | ||
| 005 | 20180529114307.0 | ||
| 008 | 180314s1968 pk |||| |||| 000 0 eng d | ||
| 035 | _a(BD-JhCC)9429 | ||
| 040 |
_aBD-JhCC _dBD-JhCC |
||
| 041 | _aeng | ||
| 082 |
_a327.9547 _bAHA 1968 |
||
| 100 | _aAhamad, Mushtaq | ||
| 245 |
_aPakistan's foreign policy / _cMushtaq Ahamad |
||
| 260 |
_aPakistan: _bSPACE PUBLICATIONS, _c1968. |
||
| 300 |
_a191 p.: _c23 cm. |
||
| 650 | _aDiplomatic relations | ||
| 942 |
_2ddc _cBK |
||